Normal view MARC view
  • Nandan, Rupesh

Entry Personal Name

Number of records used in: 1

001 - CONTROL NUMBER

  • control field: 39484

003 - CONTROL NUMBER IDENTIFIER

  • control field: OSt

005 - DATE AND TIME OF LATEST TRANSACTION

  • control field: 20160306120829.0

008 - FIXED-LENGTH DATA ELEMENTS

  • fixed length control field: 160306|| aca||aabn | a|a d

040 ## - CATALOGING SOURCE

  • Original cataloging agency: OSt

100 1# - HEADING--PERSONAL NAME

  • Personal name: Nandan, Rupesh